[Event "FIDE Online Olympiad"]
[Site "Chess.com"]
[Date "2020.07.27"]
[EventDate "2020.07.25"]
[Round "8"]
[Result "0-1"]
[White "Wilfried Ntamatungiro"]
[Black "Mohamad Firdaus Erfan"]
[WhiteElo "1720"]
[BlackElo "1241"]
[PlyCount "106"]

1. e4  1... c5  2. Nf3 
2... d6  3. h3  3... a6 
4. c3  4... b5  5. d4 
5... Nd7  6. Bd3  6... Bb7  7. O-O  7... e6  8. Re1  8... Ngf6  9. Nbd2  9... Be7
 10. Nf1  10... O-O  11.
Ng3  11... Rc8  12. Be3 
12... Qc7  13. Rc1  13... h6  14. Bb1  14... Rfd8  15. Qd2
 15... Nf8  16. Qe2  16...
Ng6  17. e5  17... Bxf3  18.
Qxf3  18... Nh4  19. Qe2 
19... dxe5  20. dxc5  20... Qb7  21. f3  21... Bxc5  22. Ne4
 22... Bxe3+  23. Qxe3 
23... Nd5  24. Qd3  24... Nxc3  25. Nf6+  25... Kf8  26. Nh7+
 26... Ke7  27. Qe3  27...
Nxb1  28. Rxc8  28... Rxc8  29. Rxb1  29... Qc7  30. Re1
 30... Qc5  31. b4  31...
Qxe3+  32. Rxe3  32... f6  33.
Ra3  33... Rc6  34. g3 
34... Ng6  35. h4  35... h5  36. g4  36... Kf7  37. g5  37... f5  38. Rd3  38... Kg8
 39. Rd8+  39... Kxh7  40.
Kf2  40... Rc2+  41. Ke3 
41... Rxa2  42. Rd6  42... Nf4  43. Rd7  43... Ra3+  44. Kf2
 44... Rd3  45. Ra7  45...
Ra3  46. Re7  46... Ra4 
47. Ra7  47... Nd5  48. Ra8  48... Nxb4  49. Re8  49... Nd3+
 50. Ke3  50... Nf4  51. Re7
 51... Ra2  52. g6+  52...
Kh6  53. Rxg7  53... Re2# 
 0-1

[Event "FIDE Online Olympiad"]
[Site "Chess.com"]
[Date "2020.07.27"]
[EventDate "2020.07.25"]
[Round "9"]
[Result "0-1"]
[White "Dieudonne Muheto"]
[Black "Husain Ayyad"]
[WhiteElo "1802"]
[BlackElo "2249"]
[PlyCount "54"]

1. d4 Nf6 2. Nf3 e6 3. Bf4 c5 4. c3 Nc6 5. h3 Qb6 6. Qb3 Qxb3 7. axb3 cxd4 8.
Nxd4 Nxd4 9. cxd4 d5 10. e3 Bd7 11. Bd3 Bb4+ 12. Ke2 O-O 13. Rc1 a6 14. Nd2 Bc6
15. g4 Nd7 16. g5 Rae8 17. Nf3 Kh8 18. Ne5 Nxe5 19. Bxe5 f6 20. gxf6 gxf6 21.
Bf4 e5 22. Bh6 e4 23. Bxa6 Rg8 24. Bxb7 Bb5+ 25. Rc4 dxc4 26. Ba6 Ra8 27. Bxb5
Rxa1  0-1

[Event "FIDE Online Olympiad"]
[Site "Chess.com"]
[Date "2020.07.27"]
[EventDate "2020.07.25"]
[Round "9"]
[Result "0-1"]
[White "Ezio Righi"]
[Black "Husein Aziz Nezad"]
[WhiteElo "1994"]
[BlackElo "2430"]
[PlyCount "64"]

1. e4 e5 2. Nf3 Nc6 3. Bb5 g6 4. d3 Bg7 5. c3 Nge7 6. Nbd2 O-O 7. Nf1 d5 8. Bg5
h6 9. Bh4 g5 10. Bg3 f5 11. exf5 Bxf5 12. Ne3 Be6 13. Qe2 Ng6 14. Nc2 Qf6 15.
h4 g4 16. Nd2 a6 17. Bxc6 bxc6 18. O-O-O Nf4 19. Bxf4 exf4 20. Nd4 Bd7 21. f3
Rfe8 22. Qf2 g3 23. Qf1 c5 24. N4b3 Rab8 25. Re1 Re3 26. Nb1 d4 27. c4 Qb6 28.
Re2 Bf5 29. Rxe3 dxe3 30. Qe2 a5 31. Nc3 Bxc3 32. bxc3 a4  0-1

[Event "FIDE Online Olympiad"]
[Site "Chess.com"]
[Date "2020.07.27"]
[EventDate "2020.07.25"]
[Round "9.3"]
[Result "0-1"]
[White "Jallah Jacob"]
[Black "Fadi Eid"]
[WhiteElo "1902"]
[BlackElo "2337"]
[PlyCount "26"]

1. e4  1... e5  2. Nf3 
2... Nc6  3. Bb5  3... a6 
4. Ba4  4... Nf6  5. O-O 
5... b5  6. Bb3  6... Bc5 
7. c3  7... d6  8. d4 
8... Bb6  9. h3  9... O-O 
10. Re1  10... Re8  11. Be3  11... exd4  12. Nxd4  12... Nxd4
 13. Bxd4  13...

[Event "FIDE Online Olympiad"]
[Site "Chess.com"]
[Date "2020.07.27"]
[EventDate "2020.07.25"]
[Round "9"]
[Result "0-1"]
[White "Bongo Akanga Ndjila, Barthelemy"]
[Black "Bakary Traore"]
[WhiteElo "1887"]
[BlackElo "2145"]
[PlyCount "122"]

1. e4 e5 2. Nf3 Nf6 3. d3 Nc6 4. g3 Bc5 5. Bg2 O-O 6. O-O d6 7. c3 a5 8. a4 Bb6
9. Nbd2 Be6 10. Qc2 d5 11. Ng5 Qd7 12. Nxe6 fxe6 13. Nf3 Rad8 14. Bh3 Nxe4 15.
dxe4 Rxf3 16. exd5 Qxd5 17. Bg2 Qd3 18. Qxd3 Rfxd3 19. Bg5 Rf8 20. Be4 Rd7 21.
Kg2 h6 22. Bc1 Ne7 23. Bxb7 c6 24. Ba6 e4 25. Bc4 Nd5 26. b4 Rf3 27. b5 Rdf7
28. Ra2 Rxc3 29. Be2 Rxf2+ 30. Rxf2 Rxc1 31. Bg4 Ne3+ 32. Kh3 Nxg4 33. Kxg4
Bxf2 34. Rxf2 cxb5 35. axb5 Rb1 36. Kf4 Kf7 37. Kxe4+ Ke7 38. Rc2 Rxb5 39. Rc7+
Kf6 40. Ra7 Rb4+ 41. Kf3 a4 42. g4 Rb3+ 43. Kf4 g5+ 44. Ke4 Rb4+ 45. Kf3 Ke5
46. Ra5+ Kd4 47. Ra6 Kd5 48. Ra5+ Kc4 49. Ra6 Kb3 50. Rxe6 a3 51. Re3+ Kb2 52.
Re2+ Kc1 53. Re1+ Kd2 54. Re2+ Kd1 55. Ra2 Ra4 56. Ke3 Kc1 57. Kd3 Kb1 58. Rg2
a2 59. Rg1+ Kb2 60. Rg2+ Kb3 61. Rg3 a1=Q  0-1

[Event "FIDE Online Olympiad"]
[Site "Chess.com"]
[Date "2020.07.27"]
[EventDate "2020.07.25"]
[Round "7"]
[Result "0-1"]
[White "Kemly Germinal"]
[Black "Konstantinos Michaelides"]
[WhiteElo "1997"]
[BlackElo "1996"]
[PlyCount "62"]

1. e4 e6 2. Qe2 c5 3. Nf3 Nc6 4. g3 g6 5. Bg2 Bg7 6. O-O Nge7
7. d3 O-O 8. Re1 d6 9. Nbd2 Rb8 10. Nf1 b5 11. Ne3 Qc7 12. Ng4
h5 13. Ne3 Bb7 14. g4 Nd4 15. Nxd4 cxd4 16. Nd1 hxg4 17. Qxg4
Qxc2 18. Bf4 Qc6 19. e5 Qxg2+ 20. Qxg2 Bxg2 21. Kxg2 Nd5
22. Bg3 dxe5 23. Bxe5 Bxe5 24. Rxe5 Nf4+ 25. Kf3 Nxd3 26. Re4
Rbc8 27. Ke2 Nb4 28. Ne3 Rfd8 29. Rd1 d3+ 30. Kd2 Rc2+ 31. Ke1
Rxb2 0-1

[Event "FIDE Online Olympiad"]
[Site "Chess.com"]
[Date "2020.07.27"]
[EventDate "2020.07.25"]
[Round "7"]
[Result "0-1"]
[White "Alice Ioannides Liu"]
[Black "Theophane Paul"]
[WhiteElo "1475"]
[BlackElo "1493"]
[PlyCount "120"]

1. e4 c5 2. Nf3 d6 3. d4 cxd4 4. Nxd4 Nf6 5. Nc3 a6 6. Bd3 e5
7. Nf3 h6 8. h3 Be6 9. O-O Be7 10. Be3 O-O 11. Qd2 Nbd7 12. a3
b5 13. Na2 Rc8 14. b3 Nc5 15. Bxc5 Rxc5 16. Rac1 Qc7 17. Nb4
Qb7 18. Rfe1 Nxe4 19. Bxe4 d5 20. Nxe5 dxe4 21. Qd4 Rd8
22. Qxe4 Qxe4 23. Rxe4 Bf5 24. Re2 Bf6 25. Nec6 Rd6 26. Ne7+
Bxe7 27. Rxe7 a5 28. Na2 Rcd5 29. Nc3 Rd2 30. Ne4 Bxe4
31. Rxe4 R6d5 32. c4 bxc4 33. bxc4 Rc5 34. g4 Ra2 35. Rc3 Kf8
36. Kg2 f6 37. Kf3 Kf7 38. Ke3 Ra1 39. Kd4 Rc8 40. f4 Rd1+
41. Ke3 Re1+ 42. Kf3 Rf1+ 43. Ke2 Rh1 44. Kf3 Rxh3+ 45. Ke2
Rxc3 46. Re3 Rxe3+ 47. Kxe3 Rxc4 48. Kf3 Ra4 49. f5 Rxa3+
50. Kf4 Rb3 51. Ke4 a4 52. Kd4 a3 53. Kc4 Rb8 54. g5 hxg5
55. Kc3 a2 56. Kc2 a1=Q 57. Kd3 Qa4 58. Kc3 Rb3+ 59. Kd2 Qa2+
60. Kc1 Rb1# 0-1

[Event "FIDE Online Olympiad"]
[Site "Chess.com"]
[Date "2020.07.27"]
[EventDate "2020.07.25"]
[Round "7"]
[Result "0-1"]
[White "Sixtus Gabriel"]
[Black "Mariano Ortega Amarelle"]
[WhiteElo "1888"]
[BlackElo "2482"]
[PlyCount "62"]

1. c4 Nf6 2. Nc3 e5 3. g3 d5 4. cxd5 Nxd5 5. Bg2 Nb6 6. d3 Be7
7. Nf3 Nc6 8. O-O O-O 9. a3 Be6 10. b4 a5 11. b5 Nd4 12. Nxd4
exd4 13. Na4 Bd5 14. Nxb6 cxb6 15. a4 Bxg2 16. Kxg2 Qd5+
17. Kg1 Rac8 18. Ba3 Bxa3 19. Rxa3 Rc7 20. Qb3 Qd6 21. Raa1
Rfc8 22. Rfd1 Rc3 23. Qb1 h5 24. h4 R8c5 25. Ra2 g5 26. hxg5
h4 27. gxh4 Qf4 28. Rf1 Qg4+ 29. Kh2 Qxh4+ 30. Kg2 Rxg5+
31. Kf3 Qg4# 0-1

[Event "FIDE Online Olympiad"]
[Site "Chess.com"]
[Date "2020.07.27"]
[EventDate "2020.07.25"]
[Round "8"]
[Result "0-1"]
[White "Dien Thomas"]
[Black "Paris Klerides"]
[WhiteElo "1821"]
[BlackElo "2175"]
[PlyCount "94"]

1. e4 c5 2. Nf3 d6 3. d4 cxd4 4. Nxd4 Nf6 5. Nc3 a6 6. Bd3 e6
7. Be3 Be7 8. O-O b5 9. b3 Qc7 10. Nce2 Bb7 11. f3 b4 12. Rc1
Nbd7 13. c4 O-O 14. Bf2 Ne5 15. Bb1 Rac8 16. Qd2 a5 17. Nb5
Qb8 18. Rfd1 Rfd8 19. Qf4 Ng6 20. Qg3 Nh5 21. Qh3 Nhf4
22. Nxf4 Nxf4 23. Qg4 Ne2+ 24. Kh1 Nxc1 25. Rxc1 Ba8 26. Nd4
Bf6 27. h4 Qc7 28. Nb5 Qe7 29. h5 h6 30. Be3 Kh8 31. Na7 Rb8
32. Nb5 Rdc8 33. Nd4 Rc5 34. f4 Rg8 35. Nf3 Rcc8 36. e5 dxe5
37. Nxe5 Bxe5 38. fxe5 Rgd8 39. Rf1 Rd7 40. Qe2 Qh4+ 41. Kg1
Rcd8 42. Qc2 Rd3 43. Rxf7 Qxh5 44. Rf8+ Rxf8 45. Qxd3 Qf5
46. Qd1 Qxe5 47. c5 Qxe3+ 0-1

[Event "FIDE Online Olympiad"]
[Site "Chess.com"]
[Date "2020.07.27"]
[EventDate "2020.07.25"]
[Round "8"]
[Result "0-1"]
[White "Chrysostomos Rousis"]
[Black "Nathaniel Mathurin"]
[WhiteElo "1602"]
[BlackElo "1669"]
[PlyCount "72"]

1. e4 c5 2. Nf3 d6 3. Bb5+ Bd7 4. Bxd7+ Qxd7 5. O-O e6 6. c3
Nf6 7. Re1 Nc6 8. d4 cxd4 9. cxd4 d5 10. e5 Ne4 11. Nbd2 Nxd2
12. Bxd2 Be7 13. Rc1 O-O 14. a3 a5 15. Qe2 Rfc8 16. Rc3 Rc7
17. Rec1 Rac8 18. Qb5 Bd8 19. R3c2 Nxe5 20. Rxc7 Rxc7 21. Qxd7
Nxd7 22. Rb1 Rc4 23. b4 axb4 24. Bxb4 Bf6 25. Bd2 b6 26. Be3
h6 27. h3 Kf8 28. Ne5 Nxe5 29. dxe5 Bxe5 30. Rxb6 d4 31. Rb5
Bd6 32. Bd2 Rc2 33. Be1 Bxa3 34. Kh2 d3 35. Rb3 Bd6+ 36. g3 d2
0-1

[Event "FIDE Online Olympiad"]
[Site "Chess.com"]
[Date "2020.07.27"]
[EventDate "2020.07.25"]
[Round "8"]
[Result "0-1"]
[White "Peter van den Brink"]
[Black "Hussien Asabri"]
[WhiteElo "2180"]
[BlackElo "2218"]
[PlyCount "60"]

1. c4 Nf6 2. g3 g6 3. Bg2 Bg7 4. Nc3 O-O 5. e4 d6 6. Nge2 c5
7. O-O Nc6 8. d3 a6 9. h3 Rb8 10. a4 Ne8 11. Be3 Nd4 12. Rb1
Bd7 13. b4 b6 14. Kh2 Nc7 15. f4 e6 16. b5 axb5 17. axb5 Ra8
18. Bxd4 cxd4 19. Na4 Rb8 20. Ra1 f5 21. Qe1 e5 22. Rg1 Ne6
23. exf5 gxf5 24. Bd5 Qf6 25. Qb4 Qe7 26. Rae1 Kh8 27. fxe5
Bxe5 28. Rgf1 f4 29. Bxe6 fxg3+ 30. Nxg3 Qxe6 0-1

[Event "FIDE Online Olympiad"]
[Site "Chess.com"]
[Date "2020.07.27"]
[EventDate "2020.07.25"]
[Round "8"]
[Result "0-1"]
[White "Amira Abdulgader"]
[Black "Aimara Ballestero"]
[WhiteElo "1484"]
[BlackElo "1224"]
[PlyCount "160"]

1. d4 g6 2. e4 Bg7 3. Nf3 d6 4. Bc4 Bg4 5. h3 Bxf3 6. Qxf3 e6
7. Be3 Nd7 8. Nc3 Ngf6 9. O-O-O O-O 10. e5 Ne8 11. Qxb7 d5
12. Bb3 Nb6 13. Nb5 Qc8 14. Qxc8 Nxc8 15. c4 c6 16. Nc3 Ne7
17. g4 f6 18. f4 fxe5 19. dxe5 Nc7 20. Bc5 Rf7 21. Bxe7 Rxe7
22. Ba4 c5 23. cxd5 exd5 24. Nxd5 Nxd5 25. Rxd5 Rc8 26. Rhd1
h6 27. Bc2 g5 28. fxg5 hxg5 29. Re1 Rce8 30. Red1 Bxe5 31. Rd8
Rxd8 32. Rxd8+ Kf7 33. Bb3+ Kf6 34. Rf8+ Kg7 35. Rg8+ Kh7
36. Rxg5 Bf4+ 37. Kc2 Bxg5 38. Kd3 Re3+ 39. Kc4 Rxh3 40. Kxc5
Kg7 41. Bd5 Be3+ 42. Kc4 Bb6 43. b4 Rg3 44. Be6 Kf6 45. Bf5
Ra3 46. Kd5 Rxa2 47. Kc4 Ra4 48. Kb5 Ra2 49. Bb1 Rg2 50. Bf5
Rf2 51. Ka6 Rf4 52. b5 Ra4+ 53. Kb7 Be3 54. Kc6 Rb4 55. Bd3
Rxg4 56. Be2 Re4 57. Bf3 Re6+ 58. Kd5 Re5+ 59. Kc4 Bb6 60. Bc6
Ke6 61. Bg2 Rc5+ 62. Kd4 Rxb5+ 63. Kc4 Rc5+ 64. Kb4 a5+
65. Ka4 Ke5 66. Bf1 Kd4 67. Be2 Kc3 68. Bd1 Rc4+ 69. Ka3 Bc5+
70. Ka2 a4 71. Ka1 a3 72. Ka2 Kd2 73. Bb3 Rd4 74. Kb1 Rd3
75. Ka2 Rxb3 76. Kxb3 Kc1 77. Ka2 Kc2 78. Ka1 Kb3 79. Kb1 a2+
80. Ka1 Bd4# 0-1

[Event "FIDE Online Olympiad"]
[Site "Chess.com"]
[Date "2020.07.27"]
[EventDate "2020.07.25"]
[Round "9"]
[Result "0-1"]
[White "Matthew Bailey"]
[Black "Peter van den Brink"]
[WhiteElo "1134"]
[BlackElo "2180"]
[PlyCount "118"]

1. d4 d5 2. c4 e6 3. Nc3 Be7 4. cxd5 exd5 5. Bf4 Nf6 6. Qc2 c6
7. e3 O-O 8. Bd3 Nbd7 9. h3 Re8 10. Nge2 Nf8 11. O-O-O Ne6
12. Bh2 a6 13. f3 c5 14. dxc5 Nxc5 15. Bf5 g6 16. Bxc8 Rxc8
17. Qd2 Bf8 18. Kb1 Bh6 19. f4 Nce4 20. Nxe4 dxe4 21. g4 Bf8
22. g5 Nh5 23. Nc3 f5 24. Qc2 Qb6 25. Qb3+ Qxb3 26. axb3 Red8
27. Kc2 Kf7 28. Rxd8 Rxd8 29. Rd1 Rxd1 30. Kxd1 Bc5 31. Ke2
Ke6 32. h4 b5 33. Kd2 Kd6 34. Ne2 Kd5 35. Nc3+ Kc6 36. Ne2 Ng7
37. Kc3 Bxe3 38. Nd4+ Kd5 39. Ne2 Ne6 40. Bg3 a5 41. b4 a4
42. Bh2 Nd4 43. Nxd4 Bxd4+ 44. Kc2 Kc4 45. Bg3 Kxb4 46. Be1+
Kc4 47. Bg3 Be3 48. Bh2 Bf2 49. Kd1 Kb3 50. Kc1 Bxh4 51. Bg1
Be1 52. Be3 Bb4 53. Kb1 Bd6 54. Kc1 b4 55. Kb1 a3 56. bxa3
bxa3 57. Bc1 Bc5 58. Bd2 a2+ 59. Ka1 Bd4+ 0-1

[Event "FIDE Online Olympiad"]
[Site "Chess.com"]
[Date "2020.07.27"]
[EventDate "2020.07.25"]
[Round "9"]
[Result "0-1"]
[White "Ahmed Taleb Mohamed"]
[Black "Davidson Gabriel"]
[WhiteElo "1978"]
[BlackElo "1915"]
[PlyCount "50"]

1. e4 c5 2. Nf3 d6 3. Bb5+ Bd7 4. Bxd7+ Qxd7 5. O-O Nc6 6. Re1
Nf6 7. d4 cxd4 8. Nxd4 e6 9. Nc3 Be7 10. h3 O-O 11. Bg5 Rac8
12. Qd2 Rfd8 13. Rad1 a6 14. Nde2 Ne5 15. b3 b5 16. f4 Ng6
17. Qd3 Qc7 18. Rc1 h6 19. Bxf6 Bxf6 20. Nd1 Qc5+ 21. Kh1 Qa3
22. Nf2 Qxa2 23. Ng4 Be7 24. Qg3 Bh4 25. Qf3 Bxe1 0-1

[Event "FIDE Online Olympiad"]
[Site "Chess.com"]
[Date "2020.07.27"]
[EventDate "2020.07.25"]
[Round "9"]
[Result "0-1"]
[White "Iura Miranda"]
[Black "Konstantinos Michaelides"]
[WhiteElo "1423"]
[BlackElo "1996"]
[PlyCount "62"]

1. d4 Nf6 2. Nf3 e6 3. Bf4 c5 4. c3 Nc6 5. e3 Nh5 6. Bg5 Qb6
7. Qb3 h6 8. Bh4 g5 9. Bg3 Nxg3 10. hxg3 Bg7 11. Be2 d5
12. Nbd2 Bd7 13. dxc5 Qxc5 14. Nd4 Nxd4 15. exd4 Qc7 16. Nf3
O-O 17. Qc2 f5 18. g4 b5 19. gxf5 exf5 20. Qb3 Qd6 21. O-O-O
a5 22. Ne5 b4 23. Nxd7 Qxd7 24. Bf3 Rfd8 25. c4 dxc4 26. Qxc4+
Kh8 27. Kb1 Rac8 28. Qa6 Kh7 29. Qxa5 b3 30. Rc1 bxa2+ 31. Ka1
Bxd4 0-1

[Event "FIDE Online Olympiad"]
[Site "Chess.com"]
[Date "2020.07.31"]
[EventDate "2020.07.31"]
[Round "1"]
[Result "0-1"]
[White "Hamad Mosa"]
[Black "Ahmed Yoosuf Waseem"]
[WhiteElo "1271"]
[BlackElo "1177"]
[PlyCount "102"]

1. e4 e6 2. d4 d5 3. e5 c5 4. c3 Qb6 5. Nf3 Nc6 6. a4 a6
7. Bd3 Bd7 8. b3 cxd4 9. cxd4 Nxd4 10. Nbd2 Bc5 11. a5 Qa7
12. O-O Ne7 13. Ng5 h6 14. Nh3 Nec6 15. Re1 Nb4 16. Bb1 Bb5
17. Bb2 Bd3 18. Bxd3 Nxd3 19. Bxd4 Bxd4 20. Rf1 Bxa1 21. Qxa1
Rc8 22. Qa4+ Rc6 23. Qg4 O-O 24. Nf4 Nxf4 25. Qxf4 Rfc8 26. b4
b5 27. h3 Qc7 28. Qg3 Rc2 29. Nf3 Rc3 30. Qg4 Rc4 31. Qg3 Rxb4
32. Kh2 f6 33. exf6 Qxg3+ 34. fxg3 gxf6 35. Nh4 Rxh4 36. gxh4
Kf7 37. Kg3 Rb8 38. Rc1 b4 39. Kg4 Kg6 40. Rc7 h5+ 41. Kf4 b3
42. g4 e5+ 43. Kg3 b2 44. gxh5+ Kxh5 45. Rh7+ Kg6 46. Rc7 b1=Q
47. h5+ Kxh5 48. Rh7+ Qxh7 49. h4 Qd3+ 50. Kf2 Rb2+ 51. Kg1
Qd1# 0-1

[Event "FIDE Online Olympiad"]
[Site "Chess.com"]
[Date "2020.07.31"]
[EventDate "2020.07.31"]
[Round "1"]
[Result "0-1"]
[White "Shawal Sharikhan"]
[Black "Mehul Gohil"]
[WhiteElo "1793"]
[BlackElo "2033"]
[PlyCount "60"]

1. e4 e6 2. d4 d5 3. exd5 exd5 4. Nf3 Nf6 5. Bd3 c5 6. O-O c4
7. Be2 Bd6 8. Nc3 O-O 9. Nb5 Be7 10. Bf4 a6 11. Nc3 Nc6
12. Ne5 Bf5 13. a3 Ne4 14. g4 Nxc3 15. bxc3 Be4 16. Nxc6 bxc6
17. Bf3 Bg6 18. Rb1 Ra7 19. Qc1 Qa5 20. Re1 Qxc3 21. Be3 Bxa3
22. Qd2 Qxd2 23. Bxd2 Bxc2 24. Rb6 f5 25. Rxc6 Be4 26. Bxe4
fxe4 27. Ra1 Bb2 28. Ra2 Bxd4 29. Rd6 Bxf2+ 30. Kg2 d4 0-1

[Event "FIDE Online Olympiad"]
[Site "Chess.com"]
[Date "2020.07.31"]
[EventDate "2020.07.31"]
[Round "1"]
[Result "0-1"]
[White "Nur Zahira Zazali"]
[Black "Krishi Shah"]
[WhiteElo "1501"]
[BlackElo "1600"]
[PlyCount "80"]

1. e4 e5 2. Nf3 Nc6 3. Nc3 Bc5 4. Bc4 d6 5. h3 Be6 6. Bb3 Nf6
7. O-O h6 8. d3 O-O 9. Be3 Bb6 10. Qd2 Bxb3 11. axb3 Nh7
12. Nd5 Qd7 13. Nh4 Ne7 14. c4 Nxd5 15. cxd5 Nf6 16. Nf5 Bxe3
17. fxe3 Nh7 18. Rf3 Kh8 19. Rg3 Rg8 20. Qe2 Nf6 21. Rf1 Kh7
22. Rgf3 h5 23. Nxg7 Rxg7 24. Rxf6 Qxh3 25. Qf3 Qxf3 26. R1xf3
Rf8 27. Kh2 a5 28. Kh3 Kg8 29. g3 Rg6 30. R6f5 Rh6 31. Kh4 Kg7
32. Rg5+ Rg6 33. Rff5 f6 34. Rxg6+ Kxg6 35. Rxh5 Ra8 36. Kg4
a4 37. bxa4 Rxa4 38. Rh7 Kxh7 39. Kf5 Kg7 40. Ke6 Ra1 0-1

[Event "FIDE Online Olympiad"]
[Site "Chess.com"]
[Date "2020.07.31"]
[EventDate "2020.07.31"]
[Round "1"]
[Result "0-1"]
[White "Manunthon Atikankhotchasee"]
[Black "Hsu Lwin May"]
[WhiteElo "1549"]
[BlackElo "1987"]
[PlyCount "148"]

1. d4 d5 2. Bf4 Nf6 3. c4 e6 4. Nc3 c6 5. e3 Bd6 6. Bxd6 Qxd6
7. c5 Qe7 8. b4 Nbd7 9. b5 e5 10. Nge2 O-O 11. g3 exd4
12. exd4 Ne4 13. Qc2 Ndf6 14. Bg2 Bf5 15. Qc1 Nxc3 16. Qxc3
Rfe8 17. Qb2 Bd3 18. Bf3 Bxb5 19. O-O Ne4 20. Rfe1 Qf6
21. Bxe4 Rxe4 22. Nc3 Rxe1+ 23. Rxe1 Qxd4 24. Qb3 Qxc5
25. Nxb5 Qxb5 26. Qxb5 cxb5 27. Re7 Kf8 28. Rxb7 Ke8 29. Rxb5
Rd8 30. Kf1 Ke7 31. Rb7+ Rd7 32. Rb5 Ke6 33. Ke2 Rc7 34. Kd3
Rc6 35. Ra5 a6 36. f4 f5 37. h3 Kd6 38. g4 g6 39. gxf5 gxf5
40. h4 Rb6 41. Kc3 h6 42. h5 Rc6+ 43. Kd3 Rb6 44. Kc3 Kc6
45. Kd4 Rb4+ 46. Ke5 d4 47. Ra3 Kc5 48. Kxf5 Kc4 49. Kg6 Rb6+
50. Kg7 d3 51. Rxd3 Kxd3 52. f5 Rb7+ 53. Kg6 Ke4 54. f6 Ke5
55. f7 Rb8 56. Kg7 Kf5 57. f8=Q+ Rxf8 58. Kxf8 Kg5 59. Ke7
Kxh5 60. Kd6 Kg4 61. Kc6 h5 62. Kb6 h4 63. Kxa6 h3 64. a4 h2
65. a5 h1=Q 66. Kb6 Qb1+ 67. Ka7 Kf5 68. a6 Ke6 69. Ka8 Kd7
70. a7 Qe4+ 71. Kb8 Qe8+ 72. Kb7 Qc8+ 73. Kb6 Kd6 74. Ka5 Qb7
0-1

[Event "FIDE Online Olympiad"]
[Site "Chess.com"]
[Date "2020.07.31"]
[EventDate "2020.07.31"]
[Round "1"]
[Result "0-1"]
[White "Thu Aung Moe"]
[Black "Sarocha Chuemsakul"]
[WhiteElo "1164"]
[BlackElo "1694"]
[PlyCount "110"]

1. e4 c6 2. d4 d5 3. e5 Bf5 4. c4 dxc4 5. Bxc4 e6 6. Nf3 Ne7
7. h3 Nd5 8. O-O Be7 9. Nc3 Nb6 10. Bd3 Bxd3 11. Qxd3 O-O
12. Be3 N8d7 13. a3 c5 14. dxc5 Bxc5 15. Ng5 g6 16. Bxc5 Nxc5
17. Qxd8 Rfxd8 18. Rad1 Nd3 19. Rd2 Nc4 20. Rc2 Ndxe5 21. Nge4
Kg7 22. Rd1 h6 23. Rxd8 Rxd8 24. Na4 b5 25. Nac5 Nd3 26. Nxd3
Rxd3 27. Nc5 Rd5 28. Ne4 Rd1+ 29. Kh2 Rb1 30. Nd2 Rxb2
31. Rxb2 Nxb2 32. Ne4 Nc4 33. Kg1 Nxa3 34. Kf1 a5 35. Ke2 f5
36. Nd6 Kf8 37. Kd2 Ke7 38. Nb7 Nc4+ 39. Kc3 Kd7 40. Nc5+ Kd6
41. Nb7+ Kd5 42. g3 e5 43. Nd8 Nd6 44. f3 e4 45. fxe4+ fxe4
46. g4 a4 47. Kb4 e3 48. Nf7 e2 49. Nxd6 Kxd6 50. Kxb5 e1=Q
51. Kxa4 Kc5 52. Kb3 Kd4 53. h4 Qb1+ 54. Ka3 Kc4 55. g5 Qb3#
0-1

[Event "FIDE Online Olympiad"]
[Site "Chess.com"]
[Date "2020.07.31"]
[EventDate "2020.07.31"]
[Round "1"]
[Result "0-1"]
[White "Ching-An Shih"]
[Black "Jing Xin Crystal Deng"]
[WhiteElo "1680"]
[BlackElo "1575"]
[PlyCount "98"]

1. e4 c5 2. Nf3 Nc6 3. c3 d5 4. exd5 Qxd5 5. d4 Bg4 6. Be2 e6
7. Be3 cxd4 8. Nxd4 Qxg2 9. Bf3 Qxh1+ 10. Bxh1 Bxd1 11. Nxc6
Bc2 12. Nxa7 Rb8 13. Nb5 Nf6 14. Nd2 Nd5 15. Ba7 Rd8 16. c4
Nf4 17. Bxb7 Bb4 18. Bc6+ Ke7 19. Be3 Nd3+ 20. Ke2 Nxb2 21. a3
Bd3+ 22. Ke1 Ba5 23. Bc5+ Kf6 24. Bd4+ Rxd4 25. Nxd4 Rb8
26. c5 Nc4 27. N4f3 Nxd2 28. Nxd2 Rb2 29. Rd1 Bc2 30. Ra1 Bb3
31. Bf3 Rxd2 32. Kf1 Rc2 33. c6 Bd5 34. Bxd5 exd5 35. Rd1 Ke6
36. Rd3 Rxc6 37. Re3+ Kd6 38. Kg2 Rc3 39. Re2 Rxa3 40. Rb2 d4
41. Kf1 d3 42. Rb7 Ra1+ 43. Kg2 d2 44. Rxf7 d1=Q 45. Rxg7 Qg1+
46. Kh3 Qxg7 47. f4 Ra3+ 48. Kh4 Be1+ 49. Kh5 Qg6# 0-1

[Event "FIDE Online Olympiad"]
[Site "Chess.com"]
[Date "2020.07.31"]
[EventDate "2020.07.31"]
[Round "1"]
[Result "0-1"]
[White "Ting-Hao Wang"]
[Black "Wing Ki Kwong"]
[WhiteElo "1788"]
[BlackElo "1679"]
[PlyCount "62"]

1. c4 Nf6 2. Nc3 g6 3. e4 d6 4. g3 Bg7 5. Bg2 O-O 6. Nge2 e5
7. O-O Nc6 8. d3 a6 9. f4 Rb8 10. a4 Bd7 11. h3 Nd4 12. fxe5
Nxe2+ 13. Qxe2 dxe5 14. Bg5 h6 15. Bxf6 Bxf6 16. Nd5 Bg7
17. b4 c6 18. Ne3 Be6 19. Kh2 Qd7 20. Rfd1 f5 21. exf5 gxf5
22. Rab1 f4 23. Ng4 fxg3+ 24. Kxg3 h5 25. Ne3 Rf4 26. Rf1 h4+
27. Kh2 Rbf8 28. Rxf4 Rxf4 29. Kh1 Qf7 30. Rf1 Rxf1+ 31. Qxf1
Qg6 0-1

[Event "FIDE Online Olympiad"]
[Site "Chess.com"]
[Date "2020.07.31"]
[EventDate "2020.07.31"]
[Round "2"]
[Result "0-1"]
[White "Shuaau Muhammed"]
[Black "Yu Dong Michael Deng"]
[WhiteElo "1733"]
[BlackElo "1749"]
[PlyCount "60"]

1. e4 c5 2. Nf3 d6 3. d4 cxd4 4. Nxd4 Nf6 5. Nc3 a6 6. Be2 e5
7. Nb3 Be7 8. Bg5 Be6 9. Qd3 Nbd7 10. O-O-O b5 11. Bxf6 Nxf6
12. Kb1 O-O 13. h4 b4 14. Nd5 Nxd5 15. exd5 Bd7 16. h5 a5
17. Nc1 a4 18. g4 a3 19. Qe4 axb2 20. Kxb2 Qa5 21. Bc4 f5
22. gxf5 Bxf5 23. Qe3 Bf6 24. Kb1 e4 25. Ne2 Rfc8 26. Bb3 Bg4
27. h6 Bxe2 28. Qxe2 Qa3 29. c4 Qxb3+ 30. axb3 Ra1+ 0-1

[Event "FIDE Online Olympiad"]
[Site "Chess.com"]
[Date "2020.07.31"]
[EventDate "2020.07.31"]
[Round "2"]
[Result "0-1"]
[White "Ahmed Nihaya"]
[Black "Jing Xin Crystal Deng"]
[WhiteElo "1126"]
[BlackElo "1575"]
[PlyCount "66"]

1. e4 c5 2. Nf3 Nc6 3. Nc3 g6 4. Be2 Bg7 5. d3 d6 6. Be3 Nd4
7. O-O e6 8. Bg5 Nxf3+ 9. Bxf3 Qxg5 10. Nb5 Qe7 11. Rb1 Nf6
12. Qd2 O-O 13. Rfe1 Nd7 14. a4 a6 15. Na3 Rb8 16. b4 cxb4
17. Rxb4 Ne5 18. Be2 Nc6 19. Rb6 d5 20. exd5 exd5 21. Bf3 Qxa3
22. Bxd5 Qc5 23. Reb1 Qxd5 24. c4 Qc5 25. a5 Qxa5 26. Qxa5
Nxa5 27. Rxa6 bxa6 28. Rxb8 Bf5 29. Rb6 Re8 30. h3 Bxd3
31. Rxa6 Nxc4 32. Rc6 Bd4 33. Rc7 Re1+ 0-1

[Event "FIDE Online Olympiad"]
[Site "Chess.com"]
[Date "2020.07.31"]
[EventDate "2020.07.31"]
[Round "2"]
[Result "0-1"]
[White "Ahmed Yoosuf Waseem"]
[Black "Arya Nirag Shah"]
[WhiteElo "1177"]
[BlackElo "1394"]
[PlyCount "60"]

1. e4 d5 2. exd5 Nf6 3. Nc3 Nxd5 4. Nf3 Bg4 5. Be2 e6 6. O-O
Be7 7. h3 Bh5 8. Re1 O-O 9. Nxd5 exd5 10. d4 Bd6 11. c3 Nd7
12. Be3 c6 13. Qd2 Nf6 14. Ng5 Bg6 15. Bd3 Bxd3 16. Qxd3 Bc7
17. Nf3 Ne4 18. Nd2 Nxd2 19. Qxd2 Qd6 20. g3 Qf6 21. Bg5 Qf5
22. h4 f6 23. Be3 Rae8 24. Re2 Qf3 25. Rae1 Re4 26. Qc2 Rxh4
27. gxh4 Qg4+ 28. Kh1 Qh3+ 29. Kg1 Qh2+ 30. Kf1 Qh1# 0-1

[Event "FIDE Online Olympiad"]
[Site "Chess.com"]
[Date "2020.07.31"]
[EventDate "2020.07.31"]
[Round "2"]
[Result "0-1"]
[White "Yeh Yang Liu"]
[Black "Tun Nay Oo Kyaw"]
[WhiteElo "2004"]
[BlackElo "2406"]
[PlyCount "80"]

1. e4 e6 2. d4 d5 3. Nc3 Nf6 4. Bg5 Be7 5. e5 Nfd7 6. Bxe7
Qxe7 7. f4 a6 8. Nf3 c5 9. dxc5 Nc6 10. Bd3 Nxc5 11. Qe2 b5
12. Qf2 Bd7 13. O-O-O Rc8 14. Kb1 b4 15. Ne2 a5 16. Ned4 Nxd4
17. Nxd4 O-O 18. g4 f6 19. Qh4 g6 20. Rhe1 Qg7 21. Qg3 fxe5
22. Rxe5 Qf6 23. f5 Rce8 24. g5 Qd8 25. fxg6 Nxd3 26. gxh7+
Kxh7 27. Qxd3+ Kg7 28. h4 Rh8 29. Rh1 Qc7 30. Qe2 Qb6 31. Qe3
Qa6 32. h5 Ref8 33. h6+ Kg6 34. Qh3 Kf7 35. g6+ Kxg6 36. Nxe6
Rf6 37. Qh5+ Kh7 38. Ng5+ Kg8 39. h7+ Kf8 40. Rhe1 Qd6 0-1